Robotics technology and flexible automation (Record no. 56635)

MARC details
000 -LEADER
fixed length control field 00495nam a2200133 a 4500
008 - FIXED-LENGTH DATA ELEMENTS--GENERAL INFORMATION
fixed length control field 120416s0000 ||||||||||||||||| || u
020 ## - INTERNATIONAL STANDARD BOOK NUMBER
International Standard Book Number 0074600907
050 ## - LIBRARY OF CONGRESS CALL NUMBER
Classification number TJ 211.35 Deb
100 ## - MAIN ENTRY--PERSONAL NAME
Personal name Deb, Satya Ranjan
245 10 - TITLE STATEMENT
Title Robotics technology and flexible automation
260 ## - PUBLICATION, DISTRIBUTION, ETC.
Place of publication, distribution, etc. New Delhi
Name of publisher, distributor, etc. Tata McGraw-Hill
Date of publication, distribution, etc. 1994
350 ## - PRICE (NR) (BK AM CF MU VM SE) [OBSOLETE]
Price 0.00
995 ## - RECOMMENDATION 995 [LOCAL, UNIMARC FRANCE]
-- 0.00
-- CBU-MAIN LIBRARY (Kitwe)
-- 1
-- 51.72
-- 1
-- AVAILABLE
-- Main Library Open Access Collection
Holdings
Withdrawn status Lost status Source of classification or shelving scheme Damaged status Not for loan Home library Current library Shelving location Date acquired Total Checkouts Full call number Barcode Date last seen Date last checked out Price effective from Koha item type
          CBU-MAIN LIBRARY, KITWE. CBU-MAIN LIBRARY, KITWE.   11/30/2022 2 TJ 211.35 Deb 026868 09/13/2024 07/15/2024 11/30/2022 MONOGRAPH